000 00300nam a22001337a 4500
008 190205b xxu||||| |||| 00| 0 eng d
020 _a9780142002247
041 _aeng
080 _a612.39
100 _a10
101 _aNUT
245 _aThe Penguin atlas of Food
_cMillstone,E
942 _2udc
_cBK
999 _c54055
_d54055